Statistics for Southernmost countries

Click here to take the quiz!

General Stats

  • This quiz has been taken 18 times
  • The average score is 14 of 15

Answer Stats

RankCountry% Correct
3Argentina
100%
5Australia
100%
2Chile
100%
7New Zealand
100%
8South Africa
100%
13Swaziland
100%
15Botswana
92%
11Lesotho
92%
12Namibia
92%
10Brazil
85%
4France
85%
6Norway
85%
14Paraguay
85%
1UK
85%
9Uruguay
85%

Score Distribution

Percentile by Number Answered

Percent of People with Each Score

Your Score History

You have not taken this quiz